In the ocean of night : book 1 of the galactic center series (Record no. 263832)
[ view plain ]
| 000 -LEADER | |
|---|---|
| fixed length control field | 00464nam a22001455 4500 |
| 005 - DATE AND TIME OF LATEST TRANSACTION | |
| control field | 20200320181434.0 |
| 020 ## - INTERNATIONAL STANDARD BOOK NUMBER | |
| International Standard Book Number | 044661159X |
| 098 ## - OTHER CLASSIFICATION SCHEMES (OCLC) | |
| Call number based on other classification scheme | Ben |
| 100 1# - MAIN ENTRY--PERSONAL NAME | |
| Personal name | Benford, Gregory, |
| Dates associated with a name | 1941- |
| 9 (RLIN) | 11024 |
| 245 10 - TITLE STATEMENT | |
| Title | In the ocean of night : book 1 of the galactic center series |
| 260 ## - PUBLICATION, DISTRIBUTION, ETC. (IMPRINT) | |
| Name of publisher, distributor, etc | Warner Books |
| Date of publication, distribution, etc | 2004 |
| 942 ## - ADDED ENTRY ELEMENTS (KOHA) | |
| Koha item type | BOOK |
| 948 ## - LOCAL PROCESSING INFORMATION (OCLC); SERIES PART DESIGNATOR (RLIN) | |
| Series part designator, SPT (RLIN) | 11/09/2006 |
| z (OCLC) | Sirsi |
| 996 ## - | |
| -- | 52631 |
| -- | 34301000628976 |
| -- | pbkf |
| -- | PBK |
| -- | wcl |
| -- | i |
| -- | 4 |
| -- | 6.99 |
| -- | gift |
| -- | Ben |
| -- | 11/09/2006 |
| -- | 02/27/2020 |
| -- | 01/27/2020 |
| Withdrawn status | Lost status | Source of classification or shelving scheme | Damaged status | Not for loan | Collection code | Home library | Current library | Shelving location | Date acquired | Source of acquisition | Cost, normal purchase price | Total Checkouts | Full call number | Barcode | Date last seen | Date checked out | Cost, replacement price | Price effective from | Koha item type |
|---|---|---|---|---|---|---|---|---|---|---|---|---|---|---|---|---|---|---|---|
| Dewey Decimal Classification | Fiction | Wasatch County Library | Wasatch County Library | First Floor | 11/09/2006 | Donation | 6.99 | 6 | F Benford | 34301000628976 | 02/03/2026 | 01/24/2026 | 6.99 | 03/20/2020 | BOOK |
